banner-ar

al-Tārīkh al-musalsal fī ḥawādith al-zamān wa-waqāyiʻ al-dīwān, 1800-1801 / (Record no. 66842)

MARC details
000 -الفاتح
حقل البيانات ثابتة الطول 02243cam a2200397 a 4500
005 - وقت وتاريخ اخر تعامل مع التسجيلة
رقم الضبط 20240530110942.0
008 - عناصر البيانات ثابتة الطول - معلومات عامة
حقل البيانات ثابتة الطول 090330s2003 ua a b 001 0 ara d
020 ## - الرقم الدولى المعيارى للكتب
الرقم الدولى المعيارى للكتاب 9782724703535
040 ## - مصدر الفهرسة
وكالة النسخ EG-CAGPL
041 0# - رمز اللغة
رمز لغة النص/ المسارات الصوتية أو العنوان الانفرادي ara
-- fre
082 ## - رقم تصنيف ديوى العشرى
رقم الطبعة 21
رقم التصنيف 962.02 \
رقم المادة K D
100 1# - المدخل الرئيسى - إسم شخصى
الرابط 880-01
الإسم الشخصى Khashshāb, Ismāʻīl ibn Saʻd,
التواريخ المصاحبة للاسم -1815.
245 13 - بيان العنوان
الرابط 880-02
العنوان al-Tārīkh al-musalsal fī ḥawādith al-zamān wa-waqāyiʻ al-dīwān, 1800-1801 /
بيان المسئوليه,etc li-Ismāʻīl al-Khashshāb ; taḥqīq wa-taḥlīl wa-taʻlīq Muḥammad ʻAfīfī wa-Andrīh Raymūn ; taqdīm Zhūn Farānswā Klīmint maʻa nubdhah li-Mārī Zhīnīvīyāv Jīdūn.
246 15 - العنوان الموازى
عنوان صحيح/عنوان مختصر Dı̂wân du Caire, 1800-1801
260 ## - PUBLICATION, DISTRIBUTION, ETC. (IMPRINT)
الرابط 880-03
تاريخ النشر أو التوزيع 2003.
300 ## - الوصف المادى
التعداد 20, 17, 153, 78, xxviii p. :
تفاصيل ماديه اخرى للوعاء ill. ;
أبعاد الوعاء 28 cm.
490 1# - بيان السلسلة
الرابط 880-04
عنوان السلسلة Nuṣūṣ ʻArabīyah wa-dirāsāt Islāmīyah ;
رقم المجلد/ التعيين التسلسلي al-mujallad 39
504 ## - تبصرة ببليوجرافية
تبصرة ببليوجرافية,الخ Includes bibliographical references and indexes.
650 17 - المدخل الاضافى بالموضوع-مصطلح موضوعى
مصطلح موضوعي Volksvertegenwoordiging.
مصدر الرأس أو المصطلح gtt
651 #0 - المدخل الاضافى بالموضوع - اسم جغرافى
الاسم الجغرافي Egypt
التقسيم الفرعي العام History
التقسيم الفرعي الزمني French occupation, 1798-1801
التقسيم الفرعي الشكلي Sources.
651 #0 - المدخل الاضافى بالموضوع - اسم جغرافى
الاسم الجغرافي Egypt
التقسيم الفرعي العام Politics and government
التقسيم الفرعي الزمني 640-1882
التقسيم الفرعي الشكلي Sources.
700 1# - المدخل الاضافى - اسم شخصى
الإسم الشخصى ʻAfīfī, Muḥammad.
700 1# - المدخل الاضافى - اسم شخصى
الإسم الشخصى Raymond, André.
700 1# - المدخل الاضافى - اسم شخصى
الإسم الشخصى Clément, J.-F.
الشكل الأكمل للاسم (Jean-François)
700 1# - المدخل الاضافى - اسم شخصى
الإسم الشخصى Guesdon, Marie-Geneviève.
942 ## - عناصر المدخل الإضافي( كوها)
مصدر التصنيف او مخطط الترفيف Dewey Decimal Classification
Koha [default] item type كتاب
260 ## - PUBLICATION, DISTRIBUTION, ETC. (IMPRINT)
-- al-Qāhirah :
-- al-Maʻhad al-ʻIlmī al-Faransī lil-Āthār al-Sharqīyah,
546 ## - تبصرة اللغة
تبصرة اللغة Arabic and French.
830 #0 - المدخل الاضافى بالسلسلة -عنوان موحد
عنوان موحد Textes arabes et études islamiques ;
رقم المجلد/ التعيين التسلسلي t. 39.
880 1# - تمثيل بيانى بديل
الرابط 100-01/(3/r
a خشاب، اسماعيل بن سعد،
d -1815.
880 12 - تمثيل بيانى بديل
الرابط 245-02/(3/r
a التاريخ المسلسل في حوادث الزمان ووقايع الديوان، 1800-801 /
c لاسماعيل الخشاب ؛ تحقيق وتحليل وتعليق محمد عفيفي واندريه ريمون ؛ تقديم چون فرانسوا كليمنت مع نبذة لماري چينيڤياڤ جيدون.
880 ## - تمثيل بيانى بديل
الرابط 260-03/(3/r
a القاهرة :
b المعهد العلمي الفرنسي للآثار الشرقية،
c 2003.
880 #0 - تمثيل بيانى بديل
الرابط 440-00/(3/r
a نصوص عربية ودراسات إسلامية ؛
v المجلد 39
880 1# - تمثيل بيانى بديل
الرابط 490-04/(3/r
a نصوص عربية ودراسات اسلامية ؛
v المجلد 39
Holdings
حالة التراجع حالة الفقد مصدر التصنيف او خطة الترفيف حالة تلف ليس للاعارة المكان المؤقت الموقع الحالى موقع الترفيف تاريخ الاكتساب اجمالي اﻻعارات رقم الطلب الباركود تاريخ اخر مشاهدة تاريخ تفعيل السعر نوع وعاء كوها
    ddc     مكتبة القاهرة الكبرى مكتبة القاهرة الكبرى ق الرئيسية_التاريخ والجغرافيا_ك انجليزى 11/08/2022   962.02 \ K D 168800 11/08/2022 11/08/2022 كتاب

Powered By

EGPV